Normal view MARC view
  • Prophet Of ALLAH

Entry Topical Term

Number of records used in: 1

001 - CONTROL NUMBER

  • control field: 106217

003 - CONTROL NUMBER IDENTIFIER

  • control field: NUST

005 - DATE AND TIME OF LATEST TRANSACTION

  • control field: 20221228133057.0

008 - FIXED-LENGTH DATA ELEMENTS

  • fixed length control field: 221228|| aca||aabn | a|a d

040 ## - CATALOGING SOURCE

  • Original cataloging agency: NUST
  • Transcribing agency: NUST

150 ## - HEADING--TOPICAL TERM

  • Topical term or geographic name entry element: Prophet Of ALLAH

670 ## - SOURCE DATA FOUND

  • Source citation: Work cat.: (NUST)179195: Gulzar Ahmed 37486, The Battles of the prophet of ALLAH/
© 2023 Central Library, National University of Sciences and Technology. All Rights Reserved.